Bioinoculants / (Record no. 42428)
[ view plain ]
| 000 -LEADER | |
|---|---|
| fixed length control field | 00781nam a22002177a 4500 |
| 005 - DATE AND TIME OF LATEST TRANSACTION | |
| control field | 20100818142637.0 |
| 010 ## - LCCN (DPL NO) | |
| LC control number | ENG-100877 |
| 020 ## - INTERNATIONAL STANDARD BOOK NUMBER | |
| International Standard Book Number | 9788190804424 |
| Terms of availability | 170.00 |
| 035 ## - SYSTEM CONTROL NUMBER | |
| System control number | EN-84410 |
| 037 ## - SOURCE OF ACQUISITION | |
| Source of stock number/acquisition | DBAD/PUB |
| 082 ## - DEWEY DECIMAL CLASSIFICATION NUMBER | |
| Classification number | 631.58 |
| 100 ## - MAIN ENTRY--PERSONAL NAME | |
| Personal name | Anandaraj, B. |
| 245 ## - TITLE STATEMENT | |
| Title | Bioinoculants / |
| Statement of responsibility, etc | by B. Anandaraj |
| 260 ## - PUBLICATION, DISTRIBUTION, ETC. (IMPRINT) | |
| Place of publication, distribution, etc | Cuddalore |
| Name of publisher, distributor, etc | Raghavan Pathippagam |
| Date of publication, distribution, etc | (200?) |
| 270 ## - ADDRESS | |
| Address | Periyavadavadi Vijayamanagaram (po) Vridhachalam (Tk) |
| City | Cuddalore |
| Postal code | 606104 |
| 300 ## - PHYSICAL DESCRIPTION | |
| Extent | xiv,122p. |
| Dimensions | 20cm (pbk) |
| 650 ## - SUBJECT ADDED ENTRY--TOPICAL TERM | |
| Topical term or geographic name as entry element | Biofertilizers |
| 650 ## - SUBJECT ADDED ENTRY--TOPICAL TERM | |
| Topical term or geographic name as entry element | Pests, Biological Control |
| 942 ## - ADDED ENTRY ELEMENTS (KOHA) | |
| Source of classification or shelving scheme | Dewey Decimal Classification |
| Item type | English Books |
| Classification part | 631.58 |
| Call number suffix | ANA |
| Withdrawn status | Lost status | Not for loan | Collection code | Home library | Current library | Date acquired | Source of acquisition | Cost, normal purchase price | Full call number | Barcode | Copy number | Cost, replacement price | Koha item type |
|---|---|---|---|---|---|---|---|---|---|---|---|---|---|
| Not For Loan | Non-fiction | D.B.Act.Division | D.B.Act.Division | 18/08/2010 | DBAD/PUB | 170.00 | 631.58 ANA | EN-84410 | 1 | 170.00 | English Books |
